Văn hóa chính trị Việt Nam truyền thống và hiện đại

Nội dung của sách tổng kết lịch sử tư tưởng chính trị về quản lý xã hội Việt Nam trong quá khứ, nó đã tạo nên một truyền thống lớn của dân tộc: truyền thống sáng tạo trong việc kết hợp những giá trị nội sinh và ngoại sinh để tạo nê...

Cijeli opis

Spremljeno u:
Bibliografski detalji
Glavni autor: Nguyễn Hồng Phong
Format: Knjiga
Jezik:Undetermined
Izdano: Hà Nội VHTT 1998
Teme:
Oznake: Dodaj oznaku
Bez oznaka, Budi prvi tko označuje ovaj zapis!
Thư viện lưu trữ: Trung tâm Học liệu Trường Đại học Cần Thơ
LEADER 01307nam a2200181Ia 4500
001 CTU_28641
008 210402s9999 xx 000 0 und d
082 |a 306.2 
082 |b Ph431 
100 |a Nguyễn Hồng Phong 
245 0 |a Văn hóa chính trị Việt Nam truyền thống và hiện đại 
245 0 |c Nguyễn Hồng Phong 
260 |a Hà Nội 
260 |b VHTT 
260 |c 1998 
520 |a Nội dung của sách tổng kết lịch sử tư tưởng chính trị về quản lý xã hội Việt Nam trong quá khứ, nó đã tạo nên một truyền thống lớn của dân tộc: truyền thống sáng tạo trong việc kết hợp những giá trị nội sinh và ngoại sinh để tạo nên những giá trị mới của Việt Nam, tạo dựng một nền văn hiến Đại Việt độc đáo. Tính logic của lịch sử đã đề xuất mô hình phát triển đúng đắn cho Việt Nma: sự thống nhất giữa truyền thống (dân tộc) với hiện đại hóa (Tây phương) và chủ nghĩa xã hội 
650 |a political sociology 
980 |a Trung tâm Học liệu Trường Đại học Cần Thơ